Tanzania Statistical Master Plan 2009/10-2013/14 (Record no. 7064)

000 -LEADER
fixed length control field 00431nam a22001217a 4500
008 - FIXED-LENGTH DATA ELEMENTS--GENERAL INFORMATION
fixed length control field 200416b ||||| |||| 00| 0 eng d
100 ## - MAIN ENTRY--PERSONAL NAME
Personal name The United Republic of Tanzania
245 ## - TITLE STATEMENT
Title Tanzania Statistical Master Plan 2009/10-2013/14
Statement of responsibility, etc. The United Republic of Tanzania
Medium English
260 ## - PUBLICATION, DISTRIBUTION, ETC. (IMPRINT)
Place of publication, distribution, etc. Dar Es Salaam
Name of publisher, distributor, etc. National Bureau of Statistics
Date of publication, distribution, etc. 2010
300 ## - PHYSICAL DESCRIPTION
Extent 79p.
Dimensions 29cm
650 ## - SUBJECT ADDED ENTRY--TOPICAL TERM
Source of heading or term Tanzania Statistical Master Plan
942 ## - ADDED ENTRY ELEMENTS (KOHA)
Source of classification or shelving scheme
Koha item type BOOKS

No items available.

IRDP © 2019 :: Managed by IRDP ICT Unit